<?xml version="1.0" encoding="UTF-8"?><?xml-stylesheet type="text/xsl" href="static/style.xsl"?><OAI-PMH xmlns="http://www.openarchives.org/OAI/2.0/" xmlns:xsi="http://www.w3.org/2001/XMLSchema-instance" xsi:schemaLocation="http://www.openarchives.org/OAI/2.0/ http://www.openarchives.org/OAI/2.0/OAI-PMH.xsd"><responseDate>2026-04-14T07:31:48Z</responseDate><request verb="GetRecord" identifier="oai:www.recercat.cat:20.500.14342/3101" metadataPrefix="marc">https://recercat.cat/oai/request</request><GetRecord><record><header><identifier>oai:recercat.cat:20.500.14342/3101</identifier><datestamp>2026-01-22T02:32:16Z</datestamp><setSpec>com_2072_482405</setSpec><setSpec>com_2072_183628</setSpec><setSpec>col_2072_482415</setSpec></header><metadata><record xmlns="http://www.loc.gov/MARC21/slim" xmlns:dcterms="http://purl.org/dc/terms/" xmlns:xsi="http://www.w3.org/2001/XMLSchema-instance" xmlns:doc="http://www.lyncode.com/xoai" xsi:schemaLocation="http://www.loc.gov/MARC21/slim http://www.loc.gov/standards/marcxml/schema/MARC21slim.xsd">
   <leader>00925njm 22002777a 4500</leader>
   <datafield ind2=" " ind1=" " tag="042">
      <subfield code="a">dc</subfield>
   </datafield>
   <datafield ind2=" " ind1=" " tag="720">
      <subfield code="a">Porte, Joaquim</subfield>
      <subfield code="e">author</subfield>
   </datafield>
   <datafield ind2=" " ind1=" " tag="720">
      <subfield code="a">Maso Llinas, Josep M.</subfield>
      <subfield code="e">author</subfield>
   </datafield>
   <datafield ind2=" " ind1=" " tag="720">
      <subfield code="a">Pijoan, Joan Lluis</subfield>
      <subfield code="e">author</subfield>
   </datafield>
   <datafield ind2=" " ind1=" " tag="720">
      <subfield code="a">Badia, David</subfield>
      <subfield code="e">author</subfield>
   </datafield>
   <datafield ind2=" " ind1=" " tag="260">
      <subfield code="c">2020-02</subfield>
   </datafield>
   <datafield ind2=" " ind1=" " tag="520">
      <subfield code="a">Every year, the number of Internet of Things devices is growing exponentially. The current Internet of Things technology to support the connectivity of such a huge number of devices is limited by the coverage of the base stations deployed. In case of remote areas without coverage of any operator, the use of a satellite connection is such a high‐cost option. The only alternative option for very remote sensor is high frequency (HF) communications with ionospheric reflection. The HF band (3–30 MHz) with Near Vertical Incidence Skywave allows a large coverage area (up to 250 km) without the need of line of sight. The HF radio links usually need higher power transmissions with larger antennas supported by a mast. In this paper, we explore a new transmission scheme for low‐power transmissions, which is equivalent to use small and low gain HF antennas. We study the performance of several digital modulations using different bandwidths and transmission power. The field tests have been done around the Spanish Antarctic Base at Livingston Island to ensure the availability of the system even in polar areas where the behavior of the ionosphere is quite different from lower latitudes. However, the proposed physical layer fits well with any other remote location that requires low power data communication.</subfield>
   </datafield>
   <datafield ind1="8" ind2=" " tag="024">
      <subfield code="a">http://hdl.handle.net/20.500.14342/3101</subfield>
   </datafield>
   <datafield ind1="8" ind2=" " tag="024">
      <subfield code="a">https://doi.org/10.1029/2019RS006920</subfield>
   </datafield>
   <datafield tag="653" ind2=" " ind1=" ">
      <subfield code="a">Electromagnetisme</subfield>
   </datafield>
   <datafield tag="653" ind2=" " ind1=" ">
      <subfield code="a">Tractament del senyal</subfield>
   </datafield>
   <datafield tag="653" ind2=" " ind1=" ">
      <subfield code="a">Comunicacions digitals</subfield>
   </datafield>
   <datafield ind2="0" ind1="0" tag="245">
      <subfield code="a">Sensing System for Remote Areas in Antarctica</subfield>
   </datafield>
</record></metadata></record></GetRecord></OAI-PMH>